| 000 | 01047nam a2200337 a 4500 | ||
|---|---|---|---|
| 003 | AR-BaBNM | ||
| 005 | 20251128210107.0 | ||
| 008 | 082120s2002 ||||||||||||||000 | spa|| | ||
| 020 | _a987-96007-2-x | ||
| 040 | _cAR-BaBNM | ||
| 245 | 0 | 0 |
_aSíntesis de las guerras y campañas del ejército argentino _bhasta 1930 |
| 260 |
_aBuenos Aires _bEdivérn _c1997 |
||
| 300 |
_a136 p. _bmapas |
||
| 500 | _aContiene cartografía clara para la enseñanza | ||
| 650 | 4 | _aHISTORIA ARGENTINA | |
| 650 | 4 | _aPERIODO HISPANICO | |
| 650 | 4 | _aPERIODO INDEPENDIENTE | |
| 650 | 4 | _aORGANIZACION NACIONAL | |
| 650 | 4 | _aHISTORIA MILITAR | |
| 650 | 4 | _aGUERRAS DE LA INDEPENDENCIA | |
| 650 | 4 | _aHISTORIA DEL EJERCITO | |
| 650 | 4 | _aGRANADEROS A CABALLO | |
| 700 | 0 | _aFigueroa. Abelardo Martín | |
| 700 | 1 | _aEstrada Avalos, José María | |
| 700 | 1 | _aFerrari de Capelle, Fanny Margarita | |
| 700 | 1 | _aMusico, Ana María | |
| 700 | 1 | _aAdán de Luna, Gloria | |
| 700 | 1 |
_aPedrazzini, Luis Alberto _ecolaborador |
|
| 942 | _cBK | ||
| 998 | _cMariana | ||
| 999 |
_c14015 _d14015 |
||